From martyr to monument (Record no. 58738)
[ view plain ]
| 000 -LEADER | |
|---|---|
| fixed length control field | 01467nam a2200361Ia 4500 |
| 082 04 - DEWEY DECIMAL CLASSIFICATION NUMBER | |
| Classification number | 271/.1404443 |
| 100 1# - MAIN ENTRY--AUTHOR NAME | |
| Personal name | Marquardt, Janet, |
| 245 10 - TITLE STATEMENT | |
| Title | From martyr to monument |
| 260 ## - PUBLICATION, DISTRIBUTION, ETC. (IMPRINT) | |
| Place of publication | Newcastle, UK : |
| Name of publisher | Cambridge Scholars Pub., |
| Year of publication | 2007. |
| 300 ## - PHYSICAL DESCRIPTION | |
| Number of Pages | xix, 286 p. : |
| Other physical details | ill. |
| 650 #0 - SUBJECT ADDED ENTRY--TOPICAL TERM | |
| Topical Term | Monasticism and religious orders |
| Topical Term | Excavations (Archaeology) |
| 856 40 - ELECTRONIC LOCATION AND ACCESS | |
| Uniform Resource Identifier | http://site.ebrary.com/lib/rucke/Doc?id=10676971 |
No items available.
